Normal view
MARC view
Entry Personal Name
001 - CONTROL NUMBER
- control field: 9372
003 - CONTROL NUMBER IDENTIFIER
- control field: OSt
005 - DATE AND TIME OF LATEST TRANSACTION
- control field: 20160613120308.0
008 - FIXED-LENGTH DATA ELEMENTS
- fixed length control field: 160613|| aca||aabn | a|a d
040 ## - CATALOGING SOURCE
- Original cataloging agency: OSt
- Transcribing agency: OSt
100 ## - HEADING--PERSONAL NAME
- Personal name: Edited by Smith,H.John.
670 ## - SOURCE DATA FOUND
- Source citation: Work cat.: (OSt): Edited by Smith,H.John., Smith and williams' introduction to the principles of Drug design and Action., 2006.
